000 00626nam a2200205Ia 4500
003 GCL
008 140319s9999 xx 000 0 ara d
040 _aGCL /
_cGCL
082 0 4 _a822
_bو ا
100 1 _aجون ويتنج
245 1 0 _aاغنية المسير /
_cجون ويتنج
700 1 _aمحمد سيد محمد ( مترجم )
260 _a[S.N] :
_bدار الثقافة العربية ،
_c1989
300 _a66 ص
490 _a
650 0 4 _aالقصص الانجليزية
650 0 4 _aالقصص الانجليزية المترجمة
650 0 4 _aالادب الانجليزى
942 _2ddc
_cBK
999 _c33530
_d33530